000 01131cab a2200301 4500
001 ABS58806
008 090401t1998 xxu||||| |||| 00| 0 eng d
035 _a(Sirsi) u86324
041 _aeng
245 _aAlternative land use
260 _c1998
350 _a0
490 _aFarm Development Review
_v12(5) March 1998, (8) LOAN
520 _aGuide to alternative land use for farmers. Articles on the effects of CAP reform on support for farms whose use of labour falls below prescribed levels, the potential for farmers` markets to allow direct sale to the public, holiday accommodation for the disabled, model flying clubs, and subsidies for conversion to organic farming.
650 _aALTERNATIVE LAND USE
650 _aCAP REFORM
650 _aMANAGEMENT-BUSINESS MANAGEMENT-DISCRIMINATION-DISABILITY DISCRIMINATION-ACCESSIBILITY
650 _aFARM LABOUR
650 _aFARM SUBSIDIES
650 _aFARMERS MARKETS
650 _aFARMING
650 _aHOLIDAY ACCOMMODATION
650 _aMODEL AIRCRAFT
650 _aORGANIC FARMING
690 _aRURAL PRACTICE
942 _n0
948 _c21/05/1998
999 _c54321
_d54321